|
|
|
|
| LEADER |
00000nab a2200000 a 4500 |
| 001 |
vtls010722671 |
| 003 |
SK-MaSNL |
| 005 |
20260304190007.0 |
| 008 |
250709s2001 xo |||||||||||||||||slo| |
| 035 |
|
|
|a (urnnbn)urn:nbn:sk:snk:ar-a04t63
|
| 035 |
|
|
|a (uuid)298d5604-9e29-4612-869c-90d0210f4b3d
|
| 035 |
|
|
|a urn:nbn:sk:snk-ab3n8b
|
| 040 |
|
|
|a SNKBUCL
|b slo
|c SNKBUCL
|e AACR2
|
| 041 |
0 |
|
|a slo
|
| 044 |
|
|
|a xo
|c SK
|
| 100 |
1 |
|
|a Horňák, S.
|4 aut
|9 779825
|
| 245 |
1 |
0 |
|a Chirurgická terapia ochorení zvukovodu psa
|c S. Horňák, V. Ledecký
|
| 700 |
1 |
|
|a Ledecký, Valent,
|d 1950-
|4 aut
|9 204823
|
| 773 |
0 |
|
|t Infovet : veterinársky odborno-informačný časopis
|g Roč. 8, č. 6 (2001), s. 27-31
|
| 850 |
|
|
|a Slovenská národná knižnica
|
| 852 |
|
|
|a Slovenská národná knižnica
|
| 954 |
|
|
|a odborná, vedecká literatúra pôvodná (slovenská)
|2 lita
|
| 958 |
|
|
|a article1
|
| 958 |
|
|
|a OND
|
| 958 |
|
|
|a EUIPO
|
| 999 |
|
|
|c 3047623
|d 3049553
|